The english verb: form and meanings
Uloženo v:
| Hlavní autor: | |
|---|---|
| Médium: | Kniha |
| Jazyk: | angličtina |
| Vydáno: |
Madison
The University of Wisconsin Press
1964
|
| Témata: | |
| Tagy: |
Přidat tag
Žádné tagy, Buďte první, kdo vytvoří štítek k tomuto záznamu!
|
MARC
| LEADER | 00000nam a2200000 a 4500 | ||
|---|---|---|---|
| 001 | UCX1255 | ||
| 003 | CL-VaPUC | ||
| 008 | 900706e19640000US |||||||||||||||||eng|d | ||
| 082 | 0 | 4 | |a 425 |b JOO |2 21 |
| 100 | |a Joos, Martin |e author |9 316692 | ||
| 245 | 1 | 4 | |a The english verb: form and meanings |
| 300 | |a 249 p | ||
| 942 | |c BK | ||
| 945 | |d 19900706 00:00:00 | ||
| 260 | |a Madison |b The University of Wisconsin Press |c 1964 | ||
| 650 | 0 | |a Verbos |x Gramática |9 316693 | |
| 650 | 0 | |a Inglés |x Verbos |x Gramática |9 316694 | |
| 583 | |a last modification |c 19900706 00:00:00 |k Rodrigo Vera | ||
| 999 | |c 222527 |d 222525 | ||
| 952 | |0 0 |1 0 |4 0 |6 425_000000000000000_JOO_1964 |7 0 |8 A |9 217395 |a FDOPOS |b FDOPOS |d 2019-11-15 |i 2863537 |o 425 JOO 1964 |p 2863537 |r 2025-01-22 |w 2019-11-15 |y BK |k MLA | ||